Systém riadenia bezpečnosti a ochrany zdravia pri práci návod na zavedenie systému : pravidlá dobrej praxe BOZP

Bibliographic Details
Format: Book
Language:Slovak
PhysicalDescription:54 s. sch., tab. 29 cm
Published: Bratislava Národný inšpektorát práce 2002
ISBN:809687604X
Edition:[1. vyd.]
Subjects:

MARC

LEADER 00000nam a2200000 a 4500
001 vtls001444558
003 SK-MaSNL
005 20260301081935.0
008 240226s2002 xo a g 000 yyslo
015 |a SNBA2003/05-01513 
020 |a 809687604X 
035 |a SNK000399787 
035 |a urn:nbn:sk:snk-amlru1 
035 |a urn:nbn:sk:snk-am00c8y2 
035 |a 825C74A0-242A-429A-9B53-99D489FEED16 
040 |a SNK  |b slo  |c SNK  |e AACR2 
041 0 |a slo 
044 |a xo  |c SK 
072 7 |a 331  |x Práca  |2 konspekt 
072 7 |a 658  |x Riadenie a správa podniku  |2 konspekt 
080 |a 65.01  |2 1981 
080 |a 331.45  |2 1981 
080 |a 658.01  |2 1981 
080 |a 613  |2 1981 
080 |a (035)  |2 1981 
245 0 |a Systém riadenia bezpečnosti a ochrany zdravia pri práci  |b návod na zavedenie systému : pravidlá dobrej praxe BOZP  |c [kolektív autorov] 
250 |a [1. vyd.] 
260 |a Bratislava  |b Národný inšpektorát práce  |c 2002 
300 |a 54 s.  |b sch., tab.  |c 29 cm 
500 |a Obalový názov 
500 |a 2000 výt. Nepredajné 
650 0 7 |a manažment  |2 SNKPH  |9 922 
650 0 7 |a bezpečnosť práce  |2 SNKPH  |9 1296 
650 0 7 |a ochrana zdravia  |2 SNKPH  |9 1135 
655 7 |a príručky  |2 SNKPH  |9 74364 
919 |a 80-968760-4-X 
968 |d 33 
999 |c 657232  |d 659162 
952 |t P60, <03>, [BOOK], {603}  |a SNK  |b SNK  |y PREZ  |7 0  |p 17A0365144  |o snkSB 65965  |i snkKSP 14196/2002  |0 0  |1 0  |4 0  |d 2002-11-21  |f 1  |l 0  |r 2025-04-17 00:00:00  |w 2026-02-23 
952 |t P60, <04>, [BOOK], {604}  |a SNK  |b SNK  |y VYP  |7 0  |p 17A0365145  |o snkSB 65965 D1  |i snkKSP 14197/2002  |0 0  |1 0  |4 0  |d 2002-11-21  |l 0  |r 2005-01-02 00:00:00  |w 2026-02-23